[Event "Uljanovsk-ch op fin"]
[Site "Uljanovsk"]
[Date "2008.03.09"]
[Round "1"]
[White "Zuev, Aleksandr"]
[Black "Gruzdev, Artem"]
[Result "1-0"]
[WhiteElo "2023"]
[BlackElo "1654"]
[PlyCount "95"]
[EventDate "2008.03.09"]
[EventType "swiss"]
[EventRounds "9"]
[EventCountry "RUS"]
[SourceTitle "EXT 2022"]
[Source "ChessBase"]
[SourceDate "2021.10.06"]
[SourceVersion "1"]
[SourceVersionDate "2021.10.06"]
[SourceQuality "1"]

1. e4 d6 2. d4 g6 3. Nc3 Bg7 4. f4 Nd7 5. Nf3 c5 6. dxc5 Nxc5 7. e5 Qa5 8. Bb5+ Bd7 9. Bxd7+ Kxd7 10. 0-0 Nh6 11. a3 Qb6 12. Kh1 Nf5 13. g4 Nh6 14. h3 Rad8 15. b4 Ne6 16. Nd5 Qc6 17. Be3 b6 18. c4 Ke8 19. Rc1 dxe5 20. fxe5 f5 21. exf6 exf6 22. Qe2 Nf7 23. Rce1 Ne5 24. Nxe5 fxe5 25. Qf3 Qd7 26. Nf6+ Bxf6 27. Qxf6 Rf8 28. Qxe5 Rxf1+ 29. Rxf1 Qc6+ 30. Kg1 Qd6 31. Qxd6 Rxd6 32. c5 bxc5 33. bxc5 Rd3 34. Kf2 Rc3 35. Rb1 Nxc5 36. Rb8+ Kf7 37. Ra8 Nd3+ 38. Ke2 Rxa3 39. Rh8 Kg7 40. Rb8 a5 41. Rb7+ Kg8 42. Bh6 Nc5 43. Rg7+ Kh8 44. Rc7 Ra2+ 45. Kd1 Kg8 46. Rxc5 Rh2 47. Rc3 a4 48. Rf3 1-0

[Event "Uljanovsk op"]
[Site "Uljanovsk"]
[Date "2008.02.02"]
[Round "3"]
[White "Zuev, Aleksandr"]
[Black "Serushova, Yulia"]
[Result "1-0"]
[WhiteElo "2023"]
[BlackElo "1868"]
[PlyCount "69"]
[EventDate "2008.02.01"]
[EventType "swiss"]
[EventRounds "9"]
[EventCountry "RUS"]
[SourceTitle "EXT 2009"]
[Source "ChessBase"]
[SourceDate "2008.11.26"]
[SourceVersion "1"]
[SourceVersionDate "2008.11.26"]
[SourceQuality "1"]

1. d4 d5 2. c4 e6 3. Nf3 Nf6 4. Bg5 Be7 5. e3 h6 6. Bh4 0-0 7. Bd3 Nbd7 8. 0-0 dxc4 9. Bxc4 c5 10. Nc3 cxd4 11. Nxd4 Ne5 12. Bb3 a6 13. Bg3 Ng6 14. Qc2 Bd7 15. Nxe6 Bxe6 16. Bxe6 Kh7 17. Bb3 Rc8 18. Qe2 b5 19. Rad1 Qb6 20. e4 Rcd8 21. e5 Ne8 22. Nd5 Qb7 23. Nxe7 Qxe7 24. Rxd8 Qxd8 25. Rd1 Qe7 26. f4 Qa7+ 27. Bf2 Qc7 28. g3 Ne7 29. Qd3+ Kg8 30. Qd7 Qxd7 31. Rxd7 Nc6 32. Bc5 Na5 33. Bxf8 Nxb3 34. axb3 Kxf8 35. Ra7 1-0

[Event "Uljanovsk Petrosian Memorial op"]
[Site "Uljanovsk"]
[Date "2007.06.23"]
[Round "7"]
[White "Zuev, Aleksandr"]
[Black "Trushnikov, Viacheslav"]
[Result "0-1"]
[WhiteElo "2059"]
[BlackElo "2043"]
[PlyCount "80"]
[EventDate "2007.06.16"]
[EventType "swiss"]
[EventRounds "9"]
[EventCountry "RUS"]
[SourceTitle "EXT 2022"]
[Source "ChessBase"]
[SourceDate "2021.10.06"]
[SourceVersion "1"]
[SourceVersionDate "2021.10.06"]
[SourceQuality "1"]

1. c4 Nf6 2. g3 g6 3. Bg2 Bg7 4. e4 e5 5. Ne2 Nc6 6. 0-0 0-0 7. d3 d6 8. Nbc3 Be6 9. h3 Nd7 10. g4 f5 11. exf5 gxf5 12. gxf5 Bxf5 13. Ng3 Bg6 14. Nce4 Nf6 15. a3 Nxe4 16. Nxe4 Nd4 17. Be3 Qd7 18. Kh2 Ne6 19. Qg4 Qe8 20. Qh4 Nf4 21. Bxf4 exf4 22. Rae1 f3 23. Bh1 Be5+ 24. Ng3 Bxd3 25. Rg1 Kh8 26. Re3 Be2 27. Qe4 c6 28. b3 Qd7 29. Bxf3 Rf4 30. Bxe2 Rxe4 31. Rxe4 Qf5 32. f3 h5 33. Rh4 Rg8 34. f4 Qc2 35. Rxh5+ Kg7 36. fxe5 Kf8 37. Rf1+ Ke8 38. exd6 Rxg3 39. Re5+ Kd7 40. Kxg3 Qc3+ 0-1

[Event "Uljanovsk-ch"]
[Site "Uljanovsk"]
[Date "2007.03.18"]
[Round "9"]
[White "Belousov, Aleksandr"]
[Black "Zuev, Aleksandr"]
[Result "1-0"]
[WhiteElo "2243"]
[BlackElo "2094"]
[PlyCount "56"]
[EventDate "2007.03.10"]
[EventType "tourn"]
[EventRounds "11"]
[EventCountry "RUS"]
[SourceTitle "EXT 2008"]
[Source "ChessBase"]
[SourceDate "2007.11.25"]
[SourceVersion "1"]
[SourceVersionDate "2007.11.25"]
[SourceQuality "1"]

1. e4 c5 2. Nf3 d6 3. d4 cxd4 4. Nxd4 Nf6 5. Nc3 a6 6. Bg5 e6 7. f4 Be7 8. Qf3 Qc7 9. 0-0-0 Nc6 10. Nxc6 bxc6 11. e5 Nd5 12. Bxe7 Qxe7 13. Ne4 dxe5 14. fxe5 0-0 15. c4 Rb8 16. cxd5 exd5 17. Nc3 f6 18. e6 Bxe6 19. Qf2 Rfd8 20. a3 Rb3 21. Bd3 Rdb8 22. Na4 f5 23. Rhe1 Qd7 24. Nc5 Qc7 25. Rxe6 Rxb2 26. Qd4 Ra2 27. Re2 Rxa3 28. Rc2 Rd8 1-0

[Event "Uljanovsk-ch"]
[Site "Uljanovsk"]
[Date "2007.03.18"]
[Round "8"]
[White "Zuev, Aleksandr"]
[Black "Alekseev, Evgeni"]
[Result "0-1"]
[WhiteElo "2094"]
[BlackElo "2133"]
[PlyCount "141"]
[EventDate "2007.03.10"]
[EventType "tourn"]
[EventRounds "11"]
[EventCountry "RUS"]
[SourceTitle "EXT 2008"]
[Source "ChessBase"]
[SourceDate "2007.11.25"]
[SourceVersion "1"]
[SourceVersionDate "2007.11.25"]
[SourceQuality "1"]

1. e4 c5 2. Nf3 d6 3. d4 cxd4 4. Nxd4 Nf6 5. Nc3 a6 6. Be2 e5 7. Nb3 Be7 8. 0-0 0-0 9. Kh1 Be6 10. f4 Qc7 11. Nd5 Bxd5 12. exd5 Nbd7 13. Be3 b5 14. Rc1 Nb6 15. fxe5 dxe5 16. Bg5 Nfxd5 17. Bxe7 Qxe7 18. Qd2 Qc7 19. Bf3 Rad8 20. Rce1 Nc4 21. Qg5 h6 22. Qh5 Nf4 23. Qh4 a5 24. g3 Ng6 25. Qh5 a4 26. Nc1 Nd2 27. Rf2 Qxc2 28. b3 Qc5 29. Rfe2 Nxf3 30. Qxf3 Qd5 31. Qxd5 Rxd5 32. h4 f6 33. bxa4 bxa4 34. Re4 Ra8 35. Rc4 Rd2 36. Re2 Rad8 37. Rc2 Rxc2 38. Rxc2 a3 39. Kg2 e4 40. Kf2 Ne5 41. Ne2 Ng4+ 42. Ke1 Rd3 43. h5 Ne5 44. Rc8+ Kf7 45. Rc7+ Kf8 46. Rc8+ Ke7 47. Rc7+ Nd7 48. Ra7 f5 49. Nf4 Rxg3 50. Ng6+ Kd6 51. Ra6+ Kc7 52. Ra7+ Kd6 53. Ra6+ Kc5 54. Ra5+ Kd4 55. Ra4+ Kd5 56. Ra5+ Kc4 57. Rxf5 Rf3 58. Ra5 Kb4 59. Ra7 Nf6 60. Rxg7 Nxh5 61. Re7 Ng3 62. Ne5 Re3+ 63. Kd1 Kc3 64. Rb7 Kd4 65. Nc6+ Kc5 66. Ne5 h5 67. Rg7 h4 68. Rh7 Kd4 69. Nc6+ Kc3 70. Rxh4 Rd3+ 71. Ke1 0-1

[Event "Uljanovsk-ch"]
[Site "Uljanovsk"]
[Date "2007.03.11"]
[Round "4"]
[White "Zuev, Aleksandr"]
[Black "Markin, Igor1111"]
[Result "0-1"]
[WhiteElo "2094"]
[BlackElo "2212"]
[PlyCount "90"]
[EventDate "2007.03.10"]
[EventType "tourn"]
[EventRounds "11"]
[EventCountry "RUS"]
[SourceTitle "EXT 2008"]
[Source "ChessBase"]
[SourceDate "2007.11.25"]
[SourceVersion "1"]
[SourceVersionDate "2007.11.25"]
[SourceQuality "1"]

1. e4 c5 2. Nf3 a6 3. d4 cxd4 4. Nxd4 Nf6 5. Nc3 e5 6. Nf3 Qc7 7. Bg5 Bb4 8. Bxf6 gxf6 9. Qd2 d6 10. Be2 Be6 11. 0-0 Bxc3 12. bxc3 Nd7 13. Rfd1 Nc5 14. Qe3 0-0-0 15. c4 f5 16. exf5 Bxf5 17. c3 Rhg8 18. Nd2 Be6 19. Bf3 f5 20. Bd5 Bxd5 21. cxd5 Rg4 22. f3 Rg6 23. Nb3 Rdg8 24. Rd2 Qg7 25. Nxc5 Rxg2+ 26. Kh1 Rxd2 27. Qxd2 dxc5 28. Qf2 Kb8 29. Rd1 e4 30. fxe4 fxe4 31. d6 Qg4 32. Re1 Qf3+ 33. Qxf3 exf3 34. Rf1 Rf8 35. Kg1 f2+ 36. Kg2 Kc8 37. a4 b5 38. d7+ Kd8 39. axb5 axb5 40. h3 b4 41. cxb4 cxb4 42. Kg3 b3 43. h4 b2 44. Kg2 Rf6 45. h5 Rc6 0-1

[Event "Uljanovsk-ch sf"]
[Site "Uljanovsk"]
[Date "2007.02.14"]
[Round "5"]
[White "Zuev, Aleksandr"]
[Black "Trushnikov, Viacheslav"]
[Result "1-0"]
[WhiteElo "2094"]
[BlackElo "2051"]
[PlyCount "53"]
[EventDate "2007.02.10"]
[EventType "swiss"]
[EventRounds "9"]
[EventCountry "RUS"]
[SourceTitle "EXT 2019"]
[Source "ChessBase"]
[SourceDate "2018.10.10"]
[SourceVersion "1"]
[SourceVersionDate "2018.10.10"]
[SourceQuality "1"]

1. d4 Nf6 2. c4 g6 3. Nc3 d5 4. g3 Bg7 5. Bg2 c6 6. cxd5 Nxd5 7. e4 Nb4 8. a3 N4a6 9. Be3 Nd7 10. Nge2 0-0 11. 0-0 Nb6 12. Qb3 Qc7 13. Rac1 Qd7 14. Rfd1 Qe6 15. d5 cxd5 16. exd5 Qf6 17. Bd4 Qd6 18. Bxg7 Kxg7 19. Nb5 Qd8 20. d6 Nd7 21. Nc7 Rb8 22. Nxa6 bxa6 23. Qc3+ Kg8 24. Nd4 Bb7 25. Bxb7 Rxb7 26. Nc6 Qb6 27. Nxe7# 1-0

[Event "Uljanovsk Petrosian Memorial op"]
[Site "Uljanovsk"]
[Date "2006.06.04"]
[Round "6"]
[White "Zuev, Aleksandr"]
[Black "Saveliev, Dmitri"]
[Result "0-1"]
[WhiteElo "2139"]
[BlackElo "1982"]
[PlyCount "146"]
[EventDate "2006.05.27"]
[EventType "swiss"]
[EventRounds "9"]
[EventCountry "RUS"]
[SourceTitle "EXT 2008"]
[Source "ChessBase"]
[SourceDate "2007.11.25"]
[SourceVersion "1"]
[SourceVersionDate "2007.11.25"]
[SourceQuality "1"]

1. e4 d6 2. d4 Nf6 3. Nc3 g6 4. f3 c6 5. g4 h5 6. g5 Nfd7 7. Be3 Bg7 8. Qd2 a6 9. f4 Qa5 10. Nf3 b5 11. Bh3 b4 12. Ne2 Bb7 13. 0-0 c5 14. e5 cxd4 15. Bxd4 dxe5 16. fxe5 Nxe5 17. Bg2 Bxf3 18. Bxe5 Bxe5 19. Bxf3 Qc5+ 20. Kg2 Ra7 21. a3 bxa3 22. Rxa3 Rd7 23. Rd3 Rxd3 24. Qxd3 0-0 25. c3 Bc7 26. Qd5 Qe3 27. h4 Rd8 28. Qc4 Qe5 29. Rh1 Rd2 30. Rh3 Rxb2 31. Kf1 Rb1+ 32. Kg2 Rb2 33. Kf1 Nd7 34. Be4 Kg7 35. Rf3 e6 36. Qd4 Nc5 37. Qxe5+ Bxe5 38. Bc6 f5 39. gxf6+ Bxf6 40. Be8 Bxh4 41. Rf7+ Kh6 42. Nd4 Ne4 43. Nxe6 Nf6 44. Bc6 Rf2+ 45. Kg1 Ng4 46. Rxf2 Bxf2+ 47. Kg2 Ne5 48. Bb7 Be1 49. c4 Nxc4 50. Bxa6 Ne5 51. Bb5 Ba5 52. Nf4 g5 53. Nd3 Ng4 54. Kf3 Nf6 55. Ne5 Bc7 56. Nd3 g4+ 57. Kg2 Kg5 58. Bc4 h4 59. Nf2 Bb6 60. Nxg4 Kxg4 61. Be6+ Kf4 62. Kh3 Bf2 63. Bc8 Bg3 64. Bb7 Ng4 65. Bc8 Ne3 66. Bb7 Ke5 67. Bc6 Kd4 68. Bf3 Kc3 69. Be4 Kd2 70. Bc6 Ke1 71. Bb5 Kf2 72. Bc6 Kg1 73. Be4 Nd1 0-1